| 000 | 00714 a2200193 4500 | ||
|---|---|---|---|
| 999 |
_c8130 _d8130 |
||
| 020 | _a9781904768401 | ||
| 050 | _aP302.84 HAS 2016 | ||
| 100 |
_aHasan, Ruqaiya _eauthor |
||
| 245 |
_aContext in the system and process of language / _cRuqaiya Hasan; edited by Jonathan Webster |
||
| 264 |
_aSheffield, South Yorkshire ; Bristol, CT : _bEquinox Publishing Ltd, _c2016. |
||
| 300 | _axii, 499 pages | ||
| 500 | _aIncludes bibliographical references and index | ||
| 650 |
_a Discourse analysis _xSocial aspects. |
||
| 650 |
_aCommunication _xSocial aspects. |
||
| 650 | _aFunctional discourse grammar. | ||
| 650 | _aSociolinguistics | ||
| 700 |
_aWebster, Jonathan J. _eeditor |
||
| 942 |
_2lcc _cBK _h302.84 _iHAS _kP |
||